Which rapper is more famous? - Statistics

General Stats
  • This quiz has been taken 163 times
  • The average score is 8 of 15
Answer Stats
Question Answer % Correct
Kendrick Lamar or J. Cole? Kendrick Lamar
100%
Playboi Carti or Travis Scott Travis Scott
92%
Lil Wayne or Lil Uzi Vert? Lil Wayne
77%
Pusha T or Kodak Black Kodak Black
73%
Producer Round: Metro Boomin or Dr Dre? Dr Dre
71%
Lil Baby or DaBaby Lil Baby
62%
Juice WRLD or XXXTentacion XXXTentacion
54%
Kanye West or Eminem Eminem
52%
2 Chainz or Gucci Mane Gucci Mane
50%
Ski Mask the Slump God or Swae Lee? Ski Mask the Slump God
50%
Quavo or Offset Offset
46%
Chris Brown or 21 Savage Chris Brown
44%
JID or Andre 3000 JID
23%
Pop Smoke or 50 Cent? Pop Smoke
17%
Snoop Dogg or Cardi B Cardi B
15%
No matching quizzes found
Score Distribution
Percent of People with Each Score
Percentile by Number Answered
Your Score History
You have not taken this quiz